Statistics for Song Titles by Synonyms #3

Click here to take the quiz!

General Stats

  • This quiz has been taken 519 times
  • The average score is 10 of 25

Answer Stats

HintAnswer% Correct
InsaneCrazy
86%
Warm And FreezingHot 'N' Cold
83%
Coitus on FlamesSex On Fire
75%
I Possess a VisionI Have a Dream
72%
Beneath The OverpassUnder The Bridge
70%
Lord Protect The MonarchGod Save The Queen
68%
Adore The Manner In Which You FibLove The Way You Lie
58%
Sabbath DawnSunday Morning
56%
My Laptop Believes I Am HomosexualMy Computer Thinks I'm Gay
51%
Cheers For The RecollectionsThanks For The Memories
45%
I Foretell A Public DisorderI Predict A Riot
39%
Perhaps I'm StunnedMaybe I'm Amazed
39%
Pounce For My TendernessJump (For My Love)
38%
Flash Onwards You Insane GemstonesShine On You Crazy Diamonds
35%
Interpret My BrainRead My Mind
34%
Voltage TouchElectric Feel
29%
WoodTimber
22%
I Maintain In A Substance Named AttachmentI Believe In A Thing Called Love
12%
Chimp Went To ParadiseMonkey Gone To Heaven
11%
Bottom Such As ThisAss Like That
9%
Fortresses Constructed of GrainCastles Made of Sand
8%
Sanctimonious Underwater SwimmerHoly Diver
7%
Numerous of TerrorMany of Horror
7%
Sprinting To Erect StopRunning To Stand Still
7%
Object Obstructing The PathSomething In The Way
7%

Score Distribution

Percentile by Number Answered

Percent of People with Each Score

Your Score History

You have not taken this quiz